Word Ladder: Kurt Vonnegut Quotes Quiz Stats

Quiz Updated Jun 8, 2016

Challenge
Share
Tweet
Embed
Score 0/33 Timer 04:00
2 Plays Today
Hint 4-Letter Word % Correct
In chess, this comes after checkMATE
95.1%
Button on the remote that turns off the soundMUTE
94.5%
A female horse over the age of 3MARE
94.4%
The cost of riding the subwayFARE
94%
The tortoise's racing nemesisHARE
94%
The opposite of soft or easyHARD
93.6%
Actors Reynolds or Lancaster, e.g.BURT
93.4%
A dog will do this when it's hot outPANT
93.1%
'All persons, living and _____ are purely coincidental.' - The epigram of Timequake* DEAD *
93.1%
Mr. FlintstoneFRED
92.9%
To give nourishment to somethingFEED
92.7%
A fraction of the wholePART
92.6%
A certain section of the hospitalWARD
92.6%
A document that transfers title of propertyDEED
92.5%
'If you can do no good, at least do no _____.' - Slapstick or Lonesome No More!* HARM *
92.2%
A grouping of animals of the same speciesHERD
92.1%
'A ______ person to an insane society must appear insane.' - Welcome to the Monkey House* SANE *
92%
Hint 4-Letter Word % Correct
To challenge someone to do somethingDARE
92%
The opposite of coolWARM
91.9%
The frothy foam on top of a beerHEAD
91.7%
Young MC would suggest you do this to a moveBUST
91.6%
'We are what we pretend to be, so we ____ be careful about what we pretend to be.' - Mother Night* MUST *
91.2%
Someone born in CopenhagenDANE
91%
'I tell you, we are here on Earth to _____ around, and don't let anybody tell you different.' - A Man Without a Country* FART *
90.8%
'Milk' direct Gus Van ___SANT
90.1%
Byron or Voldemort, e.g.LORD
89.5%
Band behind 'The Uprising' and 'Super Massive Black Hole'MUSE
88.8%
This connects your coffeemaker to the wallCORD
88.6%
Orally conveyed cultural knowledge and traditionsLORE
86.8%
'A purpose of human life, no matter who is controlling it, is to _____ whoever is around to be loved.' - The Sirens of Titan* LOVE *
84.2%
'Everything was beautiful and nothing _____.' - Slaughterhouse-Five* HURT *
84.1%
Ability to gain acceptance into a group, for shortCRED
83.2%
Something that includes both men and womenCO-ED
83.2%

Today's Daily Dose

You're not logged in!

Compare scores with friends on all Sporcle quizzes.
Join for Free
OR
Log In

You Might Also Like...

Show Comments

Extras

Top Quizzes Today


Score Distribution

Your Account Isn't Verified!

In order to create a playlist on Sporcle, you need to verify the email address you used during registration. Go to your Sporcle Settings to finish the process.

Report this User

Report this user for behavior that violates our Community Guidelines.

Details: